MDQL
is popping MORE tags! Check the
thread
!
Quizzes
Events
Quiz Creation
Community
Videos
Private Events
Remove Ads
Sign In
Join for FREE
Feedback
Dark Mode
Quiz Categories
Sports
Geography
Music
Movies
Television
Just For Fun
Miscellaneous
History
Literature
Language
Science
Gaming
Entertainment
Religion
Holiday
For Kids
Quiz Lab
Recent
Popular Today
Quiz Kudos Today
Editor Picks
Curator Picks
Quizzes by...
Day
Popularity
Type
Ratings
Length
Year
Community
Subscriptions
Recent Discussions
Orange Saloon
Badges
Playlists
Quests
Create
Leaderboards
Showdown
Live 5
Trivia Bingo
Activity
Puzzle Library
Sporcle Events
Private Events
Virtual Trivia
Globe League
Become a Host
Pub Owners
SporcleCon
Opinionation
Our Games
Videos
Blog
Mobile Apps
Partnerships
Remove Ads and Go Orange
Feedback
Science
Computer
Plants
Astronomy
Chemistry
Elements
Math
Animal
Physics
Anatomy
Biology
Geology
General Science
Science
Computer
Plants
Astronomy
Chemistry
Elements
Math
Animal
Physics
Anatomy
Biology
Geology
General Science
Random Quiz
Search Sporcle
×
Quiz Lab
Quiz Lab
Science
Chapter
Type in answers that appear in a list
Type in answers that appear in a list
Classic
Best Score? Go Orange.
Chapter 5 Suffixes Stats
Can you name the Chapter 5 Suffixes?
By
brigittemania
15m
55 Questions
1 Play
1 Plays
1 Plays
Comments
Comments
Give Quiz Kudos
Give Quiz Kudos
-
- Ratings
hide this ad
Replay
Link that replays current quiz
Next Quiz
Link to next quiz in quiz playlist
You Got
0%
They Got
Avg Score
74%
Avg Friend Score
Upgrade to see
Score Distribution
Jump to the score distribution portion of the page
Score
0/55
Timer
15:00
0
Plays Today
Meaning
% Correct
pancreas
pancreat
100%
anus
an
100%
appendix
append
100%
appendix
appendic
100%
cheek
bucc
100%
cecum
cec
100%
lip
cheil
100%
gallbladder
cholecyst
100%
colon
col
100%
colon
colon
100%
tooth
dent
100%
duodenum
duoden
100%
intestines (usually small)
enter
100%
esophagus
esophag
100%
face
faci
100%
stomach
gastr
100%
gums
gingiv
100%
tongue
gloss
100%
liver
hepat
100%
ileum
ile
100%
jejunum
jejun
100%
lip
labi
100%
abdomen
lapar
100%
lower jaw; mandibular
mandibul
100%
tooth
odont
100%
mouth
or
100%
palate
palat
100%
peritoneum
peritone
100%
Meaning
% Correct
pharynx (throat)
pharyng
100%
pyloric sphincter
pylor
100%
rectum
rect
100%
sigmoid colon
sigmoid
100%
uvula
uvul
100%
bile, gall
bil
100%
bilirubin (bile pigment)
bilirubin
100%
gall, bile
chol
100%
glucose
gluc
100%
fat, lipid
lip
100%
stone
lith
100%
enzyme
ase
100%
deification
chezia
100%
belly, abdomen
celi
0%
common bile duct
choledoch
0%
tongue
lingu
0%
anus and rectum
proct
0%
salivary gland
sialaden
0%
mouth
stomat
0%
starch
amyl
0%
hydrochloric acid
chlorhydr
0%
glycogen, animal starch
glycogen
0%
protein
prote
0%
saliva, salivary
sial
0%
fat
steat
0%
abnormal condition
iasis
0%
meal
prandial
0%
Quiz Playlist
Details
Report
Send in Message
Add To Playlist
Classic:
Type in answers that appear in a list
Last Updated: Feb 16, 2017
Quiz Scoreboard
CHALLENGE
Sign Up to Join the Scoreboard
Show All
Scores
Hide
Comments
May contain spoilers
Recently Published
Street Fighter Characters
by Artimus82
Gaming
60s
9x9 Crossword: Cartoon Network
by jackfrog10
Miscellaneous
3m
College Basketball Coaching Resumes
by pancakes188
Sports
9m
More to Explore
Quiz From the Vault
Featured Blog Post
Where Did the Easter Bunny Come From?
hide this ad
You Might Also Like...
Tags
Chapter
Chapter 5
Today's Top Quizzes in Science
Browse Science
hide this ad
Today's Top Quizzes in Chapter
Browse Chapter
Top Contributed Quizzes in Science
1
Quick Pick: Radians
2
The First 100 Digits of Pi
3
Quick Pick: 'CI-CJ' Animals
4
Elements In Images
5
perfect squares 1-25
6
One Thing in Common: Science
7
One Thing in Common: Science II
8
One Thing in Common: Animals
9
One Thing in Common: Science III
10
Science Jokes
Explore More
Trending Topics
Marvel
NBA
Harry Potter
Disney
Crossword
Kpop
Anime
Soccer
NFL
The Office
Puzzle
Song
WWE
Pokémon
Country
hide this ad
More By:
brigittemania
Quiz
Plays
Rating
Category
Featured
Created
Blood System
18
Science
Nov 2, 2011
Module 1: Prefixes, Suffixes, Combining Forms
4
Science
Oct 7, 2011
Chapter 3 Words
1
1.00
Science
Oct 10, 2011
Basic Word Structure: Combining Forms
1
Science
Oct 10, 2011
Chapter 5 Suffixes
1
Science
Oct 11, 2011
Go to Creator's Profile
Score Distribution
Quiz Creator Spotlight
brigittemania
Follow
Send a Message
Quizzes Created
-
Created Quiz Play Count
-
More By This Creator
Popular Quizzes Today
1
Find the US States - No Outlines Minefield
2
Find the Countries of Europe - No Outlines Minefield
3
The Countries of the World
4
Find the US States
5
Risky Map Clicking: Biggest States A-Z
6
US States
7
Popular People in 1961
8
Movies - When Are They Set?
More Science Quizzes
Computer Science Definitions: Programming
Quiz Lab
Trending Quizzes
Risky Map Clicking: Least Populous States A-Z
Countries of the World: 200 Million BC
1-10 Letter G Words
Risky Map Clicking: Next State Alphabetically
Adjectives in 80s TV Shows
Recently Updated
Leaping Animals
pecheneg
Reality TV Shows (A-Z)
bhenderson79
Rickey Henderson's Hall of Fame Teammates
pecheneg
Champions League XIs: Arsenal
pecheneg
Quick Pick: Celebrities in WWE's Hall of Fame
aduchscher
A-Z Keypad Blitz II
pecheneg
Multiple Oscar Actors
pecheneg
Mystery Phrase Blitz: Oscar 'Best Actors'
pecheneg
F. Scott Fitzgerald Novels
LTH
Pick 3 Villains
ddd62291
Trending Topics
Anime
NBA
Marvel
Crossword
Kpop
Harry Potter
Disney
Soccer
Puzzle
NFL
Country
The Office
Pokémon
Song
WWE
Your Account Isn't Verified!
In order to create a playlist on Sporcle, you need to verify the email address you used during registration. Go to your
Sporcle Settings
to finish the process.
Report this User
Report this user for behavior that violates our
Community Guidelines
.
Details:
Send Report
Go to the Sporcle.com Mobile Site →
Comments